La venganza de Abu-Hamama (Record no. 19756)

MARC details
000 -LEADER
campo de control de longitud fija 00645nam a2200157 i 4500
001 - NÚMERO DE CONTROL
campo de control 19756
003 - IDENTIFICADOR DE NÚMERO DE CONTROL
campo de control ES-MaACL
005 - FECHA Y HORA DE LA ÚLTIMA TRANSACCIÓN
campo de control 20230906152147.0
007 - CAMPO FIJO DE DESCRIPCIÓN FÍSICA--INFORMACIÓN GENERAL
campo de control de longitud fija t|
008 - DATOS DE LONGITUD FIJA--INFORMACIÓN GENERAL
campo de control de longitud fija 021011s1881 sp ||||1| spa d
100 1# - ENTRADA PRINCIPAL--NOMBRE DE PERSONA
Nombre de persona Abu-Berk.
9 (RLIN) 18185
245 13 - MENCIÓN DEL TÍTULO
Título La venganza de Abu-Hamama
Resto del título : novela original con los antecedentes de Saida /
Mención de responsabilidad, etc. escritos y esplicados por Abu-Berk, secretario del Marabut.
260 ## - PUBLICACIÓN, DISTRIBUCIÓN, ETC.
Lugar de publicación, distribución, etc. Madrid :
Nombre del editor, distribuidor, etc. [s.n.],
Fecha de publicación, distribución, etc. 1881 (
Fabricante Tip. Correspondencia Ilustrada)
300 ## - DESCRIPCIÓN FÍSICA
Extensión 120 p. :
Otras características físicas il. ;
Dimensiones 16 cm.
852 ## - LOCALIZACIÓN
Ubicación ES-MaACL
Número de control de estantería T-411-F-7
Nota libre .- Enc. hol., falto de la cub. original -- An.ms.: a la biblioteca del Ateneo.- Enc. en un vol. facticio
Holdings
Estatus retirado Estado de pérdida Estado de daño No para préstamo Colección Biblioteca de origen Biblioteca actual Ubicación en estantería Fecha de adquisición Fuente de adquisición Total de préstamos Signatura topográfica completa Código de barras Visto por última vez Precio de reemplazo Tipo de ítem Koha
        Colección de folletos Biblioteca del Ateneo de Madrid Biblioteca del Ateneo de Madrid Depósito folletos 17/01/2008     T-411-F-7 1020226 23/02/2023 23/02/2023 Folleto